00516nam a22001697a 450000500170000001000150001702000290003203500140006103700130007508200110008810000250009924500760012426000360020027000630023630000240029950000230032320180926115628.0 aENG-124058 c795.00 a9788178245164 aEN-107590 bDBAD/PUB a954.01 aChattopadhyaya, B.D. aThe concept of bharatavarsha and other essays /cby B.D. Chattopadhyaya bPermanent BlackaRanikhetc2017 a'Himalayan', Mall Road, Ranikhet cantt,bRanikhet e263645 ax,227pc21cm.(Pbk.) aIt includes index